000 00237 a2200097 4500
001 8965
100 _aFazal Ahmed
245 _aMeet the master A Short life sketch of Muhammad The Soviour
260 _a
_bHeinen
_c
090 _c7155
_d7155
942 _aNUST-CAE
_cM
_c33773
999 _c244038
_d244038